00723nam a22001937a 450000100100000000500170001000800410002701000130006804000230008105000220010424501300012626000340025630000200029049000250031070000380033591000340037395201050040799900170051200001796220200929165309.0850828s1958 gw 000 0 ger  a85857497 aDO-SdBNPcDLCdDLC00aMLCS 85/10741 (P)00aRose aus Asche :bspanische und spanisch-amerikanische Lyrik seit 1900 /cherausgegeben und ubertragen von Erwin Walter Palm. aMunchen :bR. Piper,c[1958]. a76 p. ;c19 cm.0 aPiper-Bucherei ;v791 aPalm, Erwin Walter,d1910-938945 aCatalogación por copia / LC 001050718MOaGRbGRcCTd2010-04-07iLF1l0o p17962-10r2020-06-25w2020-06-25y1ZNo se presta c17486d17486